[Event "Unterfranken-ch HB 63th"]
[Site "Schweinfurt"]
[Date "2012.04.13"]
[Round "8"]
[White "Birken, Denis"]
[Black "Gerhard, Philipp"]
[Result "1-0"]
[WhiteElo "1097"]
[BlackElo "777"]
[PlyCount "47"]
[EventDate "2012.04.09"]
[EventType "swiss"]
[EventRounds "9"]
[EventCountry "GER"]
[SourceTitle "EXT 2015"]
[Source "ChessBase"]
[SourceDate "2014.11.20"]
[SourceVersion "1"]
[SourceVersionDate "2014.11.20"]
[SourceQuality "1"]

1. e4 e5 2. Nf3 Nf6 3. Nc3 Nc6 4. Bb5 Bb4 5. d3 Bxc3+ 6. bxc3 0-0 7. Bxc6 dxc6 8. Nxe5 Re8 9. Bf4 Qd6 10. d4 Nxe4 11. Qf3 Nf6 12. 0-0 b6 13. Qg3 g6 14. Nxg6 Qd8 15. Ne5+ Kf8 16. Bh6+ Ke7 17. Nxc6+ Ke6 18. Nxd8+ Rxd8 19. Qe5+ Kd7 20. Qxf6 Bb7 21. Rfe1 Rg8 22. Re7+ Kc8 23. g3 Bd5 24. Qf5+ 1-0

[Event "Unterfranken-ch HB 63th"]
[Site "Schweinfurt"]
[Date "2012.04.12"]
[Round "6"]
[White "Degering, Heinz"]
[Black "Birken, Denis"]
[Result "0-1"]
[WhiteElo "1202"]
[BlackElo "1097"]
[PlyCount "58"]
[EventDate "2012.04.09"]
[EventType "swiss"]
[EventRounds "9"]
[EventCountry "GER"]
[SourceTitle "EXT 2015"]
[Source "ChessBase"]
[SourceDate "2014.11.20"]
[SourceVersion "1"]
[SourceVersionDate "2014.11.20"]
[SourceQuality "1"]

1. e4 e5 2. c4 Nf6 3. Nc3 Bb4 4. d3 d6 5. Bd2 Nc6 6. Nf3 Bg4 7. Be2 Bxf3 8. Bxf3 Nd4 9. Qa4+ Nc6 10. 0-0 0-0 11. Qd1 Nd4 12. g3 Bc5 13. Bg2 Qd7 14. h3 h6 15. Kh2 a6 16. f4 exf4 17. Rxf4 Kh7 18. Nd5 Nxd5 19. exd5 Rae8 20. Be4+ f5 21. Bg2 Rf6 22. Rh4 Qf7 23. Bg5 Rg6 24. Qh5 Re2 25. Rxd4 Rxg2+ 26. Kxg2 Bxd4 27. Bxh6 Rxg3+ 28. Kh1 Qxh5 29. Bf4 Qxh3# 0-1

[Event "Unterfranken-ch HB 63th"]
[Site "Schweinfurt"]
[Date "2012.04.11"]
[Round "4"]
[White "Lehmann, Andreas1111"]
[Black "Birken, Denis"]
[Result "1-0"]
[WhiteElo "953"]
[BlackElo "1097"]
[PlyCount "103"]
[EventDate "2012.04.09"]
[EventType "swiss"]
[EventRounds "9"]
[EventCountry "GER"]
[SourceTitle "EXT 2015"]
[Source "ChessBase"]
[SourceDate "2014.11.20"]
[SourceVersion "1"]
[SourceVersionDate "2014.11.20"]
[SourceQuality "1"]

1. e4 e5 2. Nf3 Nc6 3. Bc4 Bc5 4. 0-0 d6 5. h3 Nf6 6. Ng5 0-0 7. d3 Qe7 8. Nc3 Be6 9. Nd5 Bxd5 10. exd5 Nd4 11. c3 Nf5 12. Ne4 Nxe4 13. dxe4 Nh6 14. Bxh6 gxh6 15. Qg4+ Kh8 16. Qf3 Qg5 17. Qg4 Qd2 18. Qe2 Qg5 19. b4 Bb6 20. a4 a5 21. b5 Rg8 22. Qf3 Rg7 23. Be2 Rag8 24. g3 Qd2 25. Kh2 Qg5 26. Rg1 Rg6 27. Rg2 Rf6 28. Qg4 Qd2 29. Qh4 Rxf2 30. Rxf2 Bxf2 31. Qf6+ Rg7 32. Qxf2 Qxc3 33. Ra2 Qc1 34. Bh5 Qg5 35. Qf3 Kg8 36. Rf2 Qe7 37. Qf5 Qe8 38. Bg4 b6 39. Qc8 Qxc8 40. Bxc8 Kf8 41. Bg4 Ke7 42. Rf5 f6 43. Rh5 Rg5 44. Rxh6 Rg7 45. Bf5 Kf7 46. Rxh7 Kg8 47. Rxg7+ Kxg7 48. g4 Kh6 49. h4 Kg7 50. Kg3 Kh6 51. h5 Kg5 52. Kh3 1-0

[Event "Unterfranken-ch HB 63th"]
[Site "Schweinfurt"]
[Date "2012.04.10"]
[Round "3"]
[White "Engelbrecht, Lukas"]
[Black "Birken, Denis"]
[Result "0-1"]
[WhiteElo "752"]
[BlackElo "1097"]
[PlyCount "130"]
[EventDate "2012.04.09"]
[EventType "swiss"]
[EventRounds "9"]
[EventCountry "GER"]
[SourceTitle "EXT 2015"]
[Source "ChessBase"]
[SourceDate "2014.11.20"]
[SourceVersion "1"]
[SourceVersionDate "2014.11.20"]
[SourceQuality "1"]

1. e4 e5 2. Nf3 Nc6 3. Bc4 h6 4. Nc3 Nf6 5. 0-0 Bb4 6. a3 Bxc3 7. dxc3 Nxe4 8. Bb5 d6 9. Bc4 Bf5 10. Qd5 0-0 11. Bb5 Nf6 12. Qd1 a6 13. Bxc6 bxc6 14. Nh4 Bg6 15. Nxg6 fxg6 16. Qf3 Nd5 17. Qg3 Qf6 18. c4 Nf4 19. Bxf4 exf4 20. Qc3 Qxc3 21. bxc3 Rab8 22. Rab1 Rxb1 23. Rxb1 f3 24. Re1 fxg2 25. Kxg2 Rf5 26. Re7 Rc5 27. Rxc7 Rxc4 28. Ra7 Ra4 29. Ra8+ Kh7 30. c4 Rxa3 31. Rd8 Rc3 32. Rxd6 Rxc4 33. Kf1 Rxc2 34. Ke1 a5 35. Rd7 a4 36. Ra7 Ra2 37. Ra6 c5 38. Kd1 c4 39. Kc1 c3 40. Kb1 c2+ 41. Kc1 a3 42. f3 h5 43. f4 Ra1+ 44. Kxc2 Rf1 45. Rxa3 Rxf4 46. Ra2 Kh6 47. Kd3 g5 48. Ke3 Rf6 49. Rf2 g4 50. Rxf6+ gxf6 51. Kf2 f5 52. Kg2 Kg5 53. Kg3 f4+ 54. Kf2 h4 55. Kf1 g3 56. h3 f3 57. Kg1 Kf4 58. Kf1 Ke3 59. Ke1 g2 60. Kd1 f2 61. Kc1 f1Q+ 62. Kc2 g1R 63. Kb2 Qd3 64. Ka2 Rg2+ 65. Ka1 Qd1# 0-1

[Event "Unterfranken-ch HB 62th"]
[Site "Gerolzhofen"]
[Date "2011.04.29"]
[Round "7"]
[White "Gerhard, Georg"]
[Black "Birken, Denis"]
[Result "0-1"]
[WhiteElo "1211"]
[BlackElo "1072"]
[PlyCount "60"]
[EventDate "2011.04.25"]
[EventType "swiss"]
[EventRounds "9"]
[EventCountry "GER"]
[SourceTitle "EXT 2015"]
[Source "ChessBase"]
[SourceDate "2014.11.20"]
[SourceVersion "1"]
[SourceVersionDate "2014.11.20"]
[SourceQuality "1"]

1. e4 e5 2. f4 d6 3. Bc4 Nf6 4. Nf3 Nc6 5. Ng5 Bg4 6. Nf3 Be7 7. h3 Bxf3 8. Qxf3 Nd4 9. Qd3 0-0 10. c3 Nc6 11. f5 Nh5 12. g3 Na5 13. Bb3 Nxb3 14. axb3 Nf6 15. c4 c6 16. Qe3 d5 17. d3 dxc4 18. bxc4 Nd7 19. Bd2 Nc5 20. Bb4 Nxd3+ 21. Ke2 Nxb4 22. Rd1 Qc7 23. Qc3 Rfd8 24. Nd2 Rd3 25. Qc1 Rxg3 26. Nf3 Rg2+ 27. Kf1 Rc2 28. Qe3 Rxc4 29. Rd2 Nc2 30. Rg2 Nxe3+ 0-1

[Event "Unterfranken-ch HB 62th"]
[Site "Gerolzhofen"]
[Date "2011.04.26"]
[Round "2"]
[White "Birken, Denis"]
[Black "Ullrich, Daniel"]
[Result "1-0"]
[WhiteElo "1072"]
[BlackElo "1245"]
[PlyCount "39"]
[EventDate "2011.04.25"]
[EventType "swiss"]
[EventRounds "9"]
[EventCountry "GER"]
[SourceTitle "EXT 2015"]
[Source "ChessBase"]
[SourceDate "2014.11.20"]
[SourceVersion "1"]
[SourceVersionDate "2014.11.20"]
[SourceQuality "1"]

1. e4 e5 2. Nf3 d6 3. Nc3 Nf6 4. h3 Be7 5. Bc4 0-0 6. 0-0 Be6 7. b3 Nc6 8. d3 Bd7 9. Be3 Nb8 10. d4 exd4 11. Bxd4 Bc6 12. Bd3 d5 13. Qe2 Re8 14. e5 Nfd7 15. Qe3 f6 16. exf6 Nxf6 17. Qe6+ Kh8 18. Ng5 Qd7 19. Nf7+ Kg8 20. Nh6+ 1-0

[Event "Unterfranken-ch HB 62th"]
[Site "Gerolzhofen"]
[Date "2011.04.25"]
[Round "1"]
[White "Ress, Lothar"]
[Black "Birken, Denis"]
[Result "1-0"]
[WhiteElo "1565"]
[BlackElo "1072"]
[PlyCount "73"]
[EventDate "2011.04.25"]
[EventType "swiss"]
[EventRounds "9"]
[EventCountry "GER"]
[SourceTitle "EXT 2015"]
[Source "ChessBase"]
[SourceDate "2014.11.20"]
[SourceVersion "1"]
[SourceVersionDate "2014.11.20"]
[SourceQuality "1"]

1. e4 e5 2. Nf3 Nc6 3. c3 Bc5 4. Bb5 d6 5. Bxc6+ bxc6 6. h3 Nf6 7. d3 h6 8. 0-0 Qe7 9. Re1 0-0 10. Nbd2 Ba6 11. Nb3 Bb6 12. a4 d5 13. exd5 cxd5 14. Nxe5 c5 15. Ng6 Qxe1+ 16. Qxe1 fxg6 17. Qe6+ Kh7 18. d4 Bc4 19. Nxc5 Bc7 20. Be3 Rab8 21. b4 Ne4 22. Nxe4 Rfe8 23. Nf6+ gxf6 24. Qf7+ Kh8 25. Qxc7 a6 26. Qf7 Rf8 27. Qxg6 Rb7 28. Bxh6 Rff7 29. Re1 Rbe7 30. Rxe7 Rxe7 31. Qxf6+ Kh7 32. Qxe7+ Kxh6 33. f4 Bd3 34. Qg5+ Kh7 35. f5 Bxf5 36. Qxf5+ Kh6 37. Qxd5 1-0